000 00694nam a2200253Ia 4500
003 OSt
005 20220918214357.0
006 a|||||r|||| 00| 0
007 ta
008 220917b |||||||| |||| 00| 0 eng d
024 _a137,130
037 _cTextual
040 _aARTS
_cARTS
_beng
041 _2eng
_aeng
082 _aY:3.73, M5
100 _aJones Catherine
_9131065
245 0 _aPatterns of social policy
_b An introduction to comparative analysis
260 _aNew York
_bTavistock
_c1985
300 _a229p.
_ccm.
500 _aBibliography p212-225
650 _aSOCIOLOGY
942 _hY:3.73, M5
_cTEXL
_2CC
999 _c260217
_d260217